000 00485nam a2200169 4500
003 SEACOMMC
005 20250426124451.0
008 241209b |||||||| |||| 00| 0 eng d
020 _a978-93-5138-145-7
_cRs.190.00
040 _aSEACOMMC
082 _a658.812
_bS 526
100 _aShainesh, G
245 1 _aCustomer Relationship Management : a strategic perspective
_c G Shainesh & Jagdish N Sheth
260 _aDelhi
_bMcmillan
_c 2006
650 _aCustomer Relations
942 _cBOOK
999 _c847
_d847